000 01022nam a2200301 i 4500
003 DO-SdBNP
005 20260321073646.0
007 ta
008 250224b1991 dr ||||| |||| 00| 0 spa d
040 _aDO-SdBNP
_bspa
_cBNPHU
_erda
041 _aspa
082 4 _aBNPHU PD 972.9
_bB742d 1991
_222
100 1 _a Bosch, Juan,
_d1909-2001
_eautor
_4aut.
_976555
245 1 0 _aDe Cristóbal Colón a Fidel Castro :
_bel Caribe, frontera imperial /
_cJuan Bosch.
250 _aseptima edición
264 1 _aSanto Domingo :
_bEditora Corripio,
_c1991.
300 _a712 páginas ;
_c23 cm.
336 _atexto
_btxt
_2rdacontent
337 _asin mediación
_bn
_2rdamedia
338 _avolumen
_bnc
_2rdacarrier
500 _aIncluye índice de personas y lugares
500 _aIncluye referencias bibliográficas y notas al pie de las páginas
504 _aBibliografía : páginas 657-661
590 _aInventariado, 2025/BT
651 4 _aCaribe (Región)
_xHistoria
_987401
910 _aBtavárez
942 _2ddc
_cLBS1
999 _c58188
_d58188